Cezeri - İlk Robotun Mucidi (Record no. 1277852)

MARC details
000 -LEADER
sabit uzunluktaki kontrol alanı 00265nam a2200109Ia 4500
001 - KONTROL NUMARASI
kontrol alanı 1277852
005 - EN SON İŞLEMİN TARİH VE ZAMANI
kontrol alanı 20260417163038.0
008 - SABİT-UZUNLUKTA VERİ ÖĞELERİ--GENEL BİLGİ
sabit uzunluktaki kontrol alanı 260417s9999 xx 000 0 und d
020 ## - ULUSLARARASI STANDART KİTAP NUMARASI
Uluslararası Standart Kitap Numarası 9786258099560
245 #0 - ESER / YAZAR
ESER ADI Cezeri - İlk Robotun Mucidi
260 ## - YAYIN, DAĞITIM, VB.
YAYIN EVİ Dokuz Çocuk
Holdings
Düşüm durumu Kayıp durumu Hasar Durumu Ödünç verilmez Ana kütüphane Geçerli Kütüphane Edinilen tarih Toplam ödünç verme sayısı Barkod Son görüntüleme tarihi Fiyatın geçerli olmaya başladığı tarih Koha materyal türü
        NESRİN VE AYŞEGÜL KARDEŞLER İLKOKULU NESRİN VE AYŞEGÜL KARDEŞLER İLKOKULU 17.04.2026   1107444 17.04.2026 17.04.2026 Books